Khamush Mujahid / (Record no. 187672)

000 -LEADER
fixed length control field 00407 a2200157 4500
003 - CONTROL NUMBER IDENTIFIER
control field Nust
005 - DATE AND TIME OF LATEST TRANSACTION
control field 20230316140018.0
040 ## - CATALOGING SOURCE
Transcribing agency Nust
082 ## - DEWEY DECIMAL CLASSIFICATION NUMBER
Classification number 355.0092,YOU
100 ## - MAIN ENTRY--PERSONAL NAME
Personal name Brig (Retd) Muhammad Yousaf
9 (RLIN) 110449
245 ## - TITLE STATEMENT
Title Khamush Mujahid /
Statement of responsibility, etc. Brig Mohammad Yousaf
260 ## - PUBLICATION, DISTRIBUTION, ETC.
Place of publication, distribution, etc. Lahore
Name of publisher, distributor, etc. Jang Publishers
Date of publication, distribution, etc. 1992
300 ## - PHYSICAL DESCRIPTION
Extent 115
650 ## - SUBJECT ADDED ENTRY--TOPICAL TERM
Topical term or geographic name entry element Soldier (Urdu)
9 (RLIN) 110450
942 ## - ADDED ENTRY ELEMENTS (KOHA)
Source of classification or shelving scheme
Koha item type Book
Call number prefix 355.0092,YOU
Holdings
Withdrawn status Lost status Source of classification or shelving scheme Damaged status Not for loan Permanent Location Current Location Shelving location Date acquired Full call number Barcode Date last seen Price effective from Koha item type Public note Total Checkouts
          Military College of Signals (MCS) Military College of Signals (MCS) General Stacks 12/12/2016 355.0092,YOU MCS34022 12/08/2016 12/12/2016 Book Almirah No 64, Shelf No 5  
          Military College of Signals (MCS) Military College of Signals (MCS) General Stacks 12/12/2016 355.0092,YOU MCS34179 12/08/2016 12/12/2016 Book Almirah No 64, Shelf No 5  
          Military College of Signals (MCS) Military College of Signals (MCS) General Stacks 03/16/2023 355.0092,YOU MCS34023 03/16/2023 03/16/2023 Book Almirah No 64, Shelf No 5  
© 2023 Central Library, National University of Sciences and Technology. All Rights Reserved.